000 00748nam a2200229 4500
003 OSt
005 20260601193906.0
008 260520b2016 mx ||||| |||| 00| 0 spa d
040 _aICI
_bspa
_cICI
_erda
050 _aND259.V37 G37 2016
100 _aVargas , Zalathiel
_eautor
_934533
245 _aZalathiel Vargas
260 _aMéxico
_bMuseo Universitario del Chopo
_c2016
300 _a120 paginas.
_bilustraciones
336 _2rdacontent
_atexto
337 _2rdamedia
_asin medio
338 _2rdacarrier
_avolumen
500 _aMonografía sobre la obra artística y trayectoria de Zalathiel Vargas
600 _aVargas, Zalathiel
_xCrítica e interpretación.
_934534
650 _aArte mexicano
_xSiglo XX.
_934535
942 _2lcc
_n1
_cB
999 _c22411
_d22411